Participación de la mujer en la adopción de decisiones en pro de la paz : (Record no. 110320)

MARC details
000 -LEADER
campo de control de longitud fija 01521cam a2200397Ia 4500
001 - NÚMERO DE CONTROL
campo de control 41431
005 - FECHA Y HORA DE LA ÚLTIMA TRANSACCIÓN
campo de control 20230411085956.0
008 - DATOS DE LONGITUD FIJA--INFORMACIÓN GENERAL
campo de control de longitud fija 931118s1990 nyu b 000 0 spa d
035 ## - NÚMERO DE CONTROL DEL SISTEMA
Número de control de sistema (OCoLC)ocm29348829
040 ## - FUENTE DE CATALOGACIÓN
Centro catalogador/agencia de origen PMU
Centro/agencia transcriptor PMU
Centro/agencia modificador EL$
-- DIBAM
020 ## - NÚMERO INTERNACIONAL ESTÁNDAR DEL LIBRO
Número Internacional Estándar del Libro 9213301251
020 ## - NÚMERO INTERNACIONAL ESTÁNDAR DEL LIBRO
Número Internacional Estándar del Libro 9789213301258
035 ## - NÚMERO DE CONTROL DEL SISTEMA
Número de control de sistema (OCoLC)29348829
043 ## - CÓDIGO DE ÁREA GEOGRÁFICA
Código de área geográfica e-sw---
090 ## - LOCALMENTE ASIGNADO TIPO-LC NÚMERO DE CLASIFICACIÓN (OCLC); NÚMERO DE CLASIFICACIÓN LOCAL (RLIN)
Número de clasificación (OCLC) (R) ; Numero de clasificación, CALL (RLIN) (NR) JX1965
Número cutter local (OCLC) ; Número de libro/Signatura topográfica íntegra, CALL (RLIN) .L6518 1990
049 ## - FONDOS LOCALES (OCLC)
Biblioteca depositaria GRAL
100 1# - ENTRADA PRINCIPAL--NOMBRE DE PERSONA
Nombre de persona Lindgren, Karin.
245 10 - MENCIÓN DEL TÍTULO
Título Participación de la mujer en la adopción de decisiones en pro de la paz :
Resto del título estudio monográfico sobre Suecia /
Mención de responsabilidad, etc. Karin Lindgren.
260 ## - PUBLICACIÓN, DISTRIBUCIÓN, ETC.
Lugar de publicación, distribución, etc. Nueva York :
Nombre del editor, distribuidor, etc. Naciones Unidas,
Fecha de publicación, distribución, etc. 1990.
300 ## - DESCRIPCIÓN FÍSICA
Extensión ii, 162 p. ;
Dimensiones 30 cm.
500 ## - NOTA GENERAL
Nota general "El estudio fue preparado en 1988 por Karen Lindgren, del Departamento de Investigaciones sobre la Paz y los Conflictos..."--p. ii.
500 ## - NOTA GENERAL
Nota general "ST/CSDHA/8."--T.p. verso.
500 ## - NOTA GENERAL
Nota general "Nâum. de venta: S.89.IV.7."--T.p. verso.
500 ## - NOTA GENERAL
Nota general At head of t.p.: Oficina de la Naciones Unidas en Viena, Centro de Desarrollo Social y Asuntos Humanitarios.
650 #0 - PUNTO DE ACCESO ADICIONAL DE MATERIA--TÉRMINO DE MATERIA
Término de materia o nombre geográfico como elemento de entrada Women and peace
Subdivisión general Decision making.
650 #0 - PUNTO DE ACCESO ADICIONAL DE MATERIA--TÉRMINO DE MATERIA
Término de materia o nombre geográfico como elemento de entrada Women's rights
Subdivisión geográfica Sweden.
651 #0 - PUNTO DE ACCESO ADICIONAL DE MATERIA--NOMBRE GEOGRÁFICO
Nombre geográfico Sweden
Subdivisión general Politics and government
Subdivisión cronológica 1973-
650 #0 - PUNTO DE ACCESO ADICIONAL DE MATERIA--TÉRMINO DE MATERIA
Término de materia o nombre geográfico como elemento de entrada Peace.
650 #4 - PUNTO DE ACCESO ADICIONAL DE MATERIA--TÉRMINO DE MATERIA
Término de materia o nombre geográfico como elemento de entrada Mujeres en Suecia
650 #4 - PUNTO DE ACCESO ADICIONAL DE MATERIA--TÉRMINO DE MATERIA
Término de materia o nombre geográfico como elemento de entrada Mujeres en la polâitica
650 #7 - PUNTO DE ACCESO ADICIONAL DE MATERIA--TÉRMINO DE MATERIA
Término de materia o nombre geográfico como elemento de entrada PARTICIPACION DE LA MUJER
Subdivisión geográfica SUECIA.
Fuente del encabezamiento o término renib
650 #7 - PUNTO DE ACCESO ADICIONAL DE MATERIA--TÉRMINO DE MATERIA
Término de materia o nombre geográfico como elemento de entrada MUJERES Y PAZ.
Fuente del encabezamiento o término renib
710 2# - ENTRADA AGREGADA--NOMBRE DE ENTIDAD CORPORATIVA
Nombre de entidad corporativa o nombre de jurisdicción como elemento de entrada Centre for Social Development and Humanitarian Affairs (United Nations)
942 ## - ELEMENTOS DE ENTRADA SECUNDARIOS (KOHA)
Fuente del sistema de clasificación o colocación Clasificación de Library of Congress
Tipo de ítem Koha
994 ## -
-- C0
-- DRFGD
Holdings
Estatus retirado Estado de pérdida Fuente del sistema de clasificación o colocación Estado de daño No para préstamo Colección Biblioteca de origen Biblioteca actual Ubicación en estantería Fecha de adquisición Código de barras Visto por última vez Copia número Tipo de ítem Koha
    Clasificación de Library of Congress     Automatización y Procesos Técnicos Biblioteca Juan Bosch Biblioteca Juan Bosch Automatización y Procesos Técnicos (1er. Piso) 11/04/2023 00000042040 17/02/2019 1